Textbook of Biochemistry core topics
Gorde:
| Egile nagusia: | |
|---|---|
| Formatua: | Liburua |
| Hizkuntza: | ingelesa |
| Argitaratua: |
CBS Publishers
2019
|
| Etiketak: |
Etiketa erantsi
Etiketarik gabe, Izan zaitez lehena erregistro honi etiketa jartzen!
|
MARC
| LEADER | 00000nam a22000007a 4500 | ||
|---|---|---|---|
| 008 | 230810b |||||||| |||| 00| 0 eng d | ||
| 020 | |a 9788123913407 | ||
| 100 | |a STENESH, J. | ||
| 245 | |a Textbook of Biochemistry |b core topics |c J.Stenesh |g 599; ill | ||
| 260 | |b CBS Publishers |c 2019 |h New Delhi |i 700167 |i 700168 |l QP514.St3 |m Biochemistry | ||
| 500 | |a it includes index | ||
| 942 | |a lcc |c BK |e Johnson |f 10/08/23 | ||
| 952 | |0 0 |1 0 |2 lcc |4 0 |6 QP0514 S T3 |7 0 |9 4352 |a SL |b HOL |c QZ |d 2023-08-10 |l 0 |o QP514.St3 |p 2023-0277 |r 2023-08-10 00:00:00 |t 700167 |w 2023-08-10 |y BK | ||
| 952 | |0 0 |1 0 |2 lcc |4 0 |6 QP0514 S T3 |7 0 |9 4353 |a HOL |b HOL |c QZ |d 2023-08-10 |l 0 |o QP514.St3 |p 2023-0278 |r 2023-08-10 00:00:00 |t 700168 |w 2023-08-10 |y BK | ||
| 999 | |c 2187 |d 2187 | ||